OECD rural policy reviews: Chile 2014

Enregistré dans:
Détails bibliographiques
Format: Livre
Langue:anglais
Publié: Paris OECD 2014
Collection:OECD reviews of rural policy
Sujets:
Tags: Ajouter un tag
Pas de tags, Soyez le premier à ajouter un tag!

MARC

LEADER 00000nam$a2200000$$$4500
001 0197049
005 20240315121048.8
020 |a 978-92-64-20923-7 
041 0 |a eng 
044 |a FR 
245 1 0 |a OECD rural policy reviews: Chile 2014 
264 1 |a Paris  |b OECD  |c 2014 
300 |a 210 s. 
490 1 |a OECD reviews of rural policy 
830 0 |a OECD reviews of rural policy 
610 2 0 |a vidiek 
610 2 0 |a rozvoj regionálny 
610 2 0 |a politika regionálna 
610 2 0 |a urbanizmus 
610 2 0 |a rozvoj hospodársky 
610 2 0 |a údaje štatistické 
610 2 0 |a porovnanie štatistické medzinárodné